000
00295pam a2200133 a 4500
020
_c
041
_a
eng
082
_a
516
_b
EFI
100
_a
Efimov, N.V. .
245
_a
Higher Geomtry
_h
Textual Documents
260
_a
Moscow:
_b
M I R Publication ,
_c
1980.
300
_a
560p.
930
_a
16945
999
_c
93845
_d
93845